000 00213 a2200097 4500
001 43203
100 _aBrew ster
245 _aEast west passage
260 _aLondon
_bGeorge allen unwin
_c
090 _c27046
_d27046
942 _aNUST-CAE
_cM
_c18943
999 _c278276
_d278276